00734nam a2200193 a 450000100100000000500170001000800410002702000150006804000250008308200150010810000380012324501410016126000400030230000210034250000380036304900090040195201130041099900170052300002172420200930011426.0100910s2007 dr 000 0 spa d a9592589984 aDO-SdBNPbspacBNPHU axxxbL864c1 aLópez Civeira, Francisca94516410aCuba :bentre la reforma y la Revolución 1925-1935 /cFrancisca López Civeira ; edición Mildred Balladares, María Elena Pérez. aLa Habana :bFélix Varela,c2007. a345 p. ;c20 cm. aIncluye notas al pie de páginas aBNPD 0010718PDaPDbPDcCTd2010-09-10iLF1l0oxxx L864cp21724-10r2020-06-25w2020-06-25yLFPDZNo se presta c21223d21223